书目信息 |
| 题名: |
诗史气象与艺术精神
|
|
| 作者: | 鲍寄望 著 | |
| 分册: | ||
| 出版信息: | 昆明 云南人民出版社 2014.02 |
|
| 页数: | 215页 | |
| 开本: | 21cm | |
| 丛书名: | ||
| 单 册: | ||
| 中图分类: | A841.4 | |
| 科图分类: | ||
| 主题词: | 毛主席诗词--研究 , 毛主席诗词 | |
| 电子资源: | ||
| ISBN: | 978-7-222-11512-5 | |
| 000 | 00936nam0 2200265 450 | |
| 001 | 0120141427383 | |
| 005 | 20160614143936.75 | |
| 010 | @a978-7-222-11512-5@dCNY28.00 | |
| 100 | @a20141105d2014 em y0chiy0110 ea | |
| 101 | 0 | @achi |
| 102 | @aCN@b530000 | |
| 105 | @ay z 000yy | |
| 106 | @ar | |
| 200 | 1 | @a诗史气象与艺术精神@9shi shi qi xiang yu yi shu jing shen@e再读毛泽东诗词@f鲍寄望著 |
| 210 | @a昆明@c云南人民出版社@d2014.02 | |
| 215 | @a215页@d21cm | |
| 330 | @a本书主要内容包括:毛泽东诗词中的战争美学描绘、毛泽东诗词中的山川描写情怀、忧患与诗人毛泽东、毛泽东诗词的语言抒情方式、毛泽东诗词中的整体象征、毛泽东诗词中的修辞章法等。 | |
| 333 | @a毛泽东诗词相关研究人员 | |
| 517 | 1 | @a再读毛泽东诗词@9zai du mao ze dong shi ci |
| 606 | 0 | @a毛主席诗词@x研究 |
| 606 | 0 | @a毛主席诗词 |
| 690 | @aA841.4@v5 | |
| 701 | 0 | @a鲍寄望@9bao ji wang@4著 |
| 801 | 0 | @aCN@b人天书店@c20141105 |
| 905 | @b879760-65@dA841.4@e148@f6 | |
| 诗史气象与艺术精神:再读毛泽东诗词/鲍寄望著.-昆明:云南人民出版社,2014.02 |
| 215页;21cm |
| 使用对象:毛泽东诗词相关研究人员 |
| ISBN 978-7-222-11512-5:CNY28.00 |
| 本书主要内容包括:毛泽东诗词中的战争美学描绘、毛泽东诗词中的山川描写情怀、忧患与诗人毛泽东、毛泽东诗词的语言抒情方式、毛泽东诗词中的整体象征、毛泽东诗词中的修辞章法等。 |
| ● |
| 相关链接 |
|
|
|
|
正题名:诗史气象与艺术精神
索取号:A841.4/148
 
预约/预借
| 序号 | 登录号 | 条形码 | 馆藏地/架位号 | 状态 | 备注 |
| 1 | 879760 | 208797603 | 第一样本阅览室/ [索取号:A841.4/148] | 在馆 | |
| 2 | 879761 | 208797612 | 教育系资料室/ [索取号:A841.4/148] | 在馆 | |
| 3 | 879762 | 208797621 | 教育系资料室/ [索取号:A841.4/148] | 在馆 | |
| 4 | 879763 | 208797630 | 教育系资料室/ [索取号:A841.4/148] | 在馆 | |
| 5 | 879764 | 208797649 | 第一借阅区/ [索取号:A841.4/148] | 在馆 | |
| 6 | 879765 | 208797658 | 第一借阅区/ [索取号:A841.4/148] | 在馆 |